[Event "Turniej Niepodleglosci 2023"]
[Site "Warsaw POL"]
[Date "2023.11.11"]
[Round "2.11"]
[White "Barchuk, Irina"]
[Black "Nguyen, Piotr"]
[Result "0-1"]
[WhiteElo "2034"]
[BlackElo "2275"]
[PlyCount "106"]

1.e4 g6 2.d4 Bg7 3.Nc3 d6 4.f4 Nf6 5.Nf3 O-O 6.Bd3 Na6 7.a3 c5 8.d5 Nc7 9.O-O 
b5 10.Nxb5 Nxb5 11.Bxb5 Nxe4 12.Qe2 Nf6 13.Re1 Rb8 14.c4 e6 15.dxe6 Bxe6 16.Ng5 
Bf5 17.Qe7 Qb6 18.a4 Rb7 19.Qe2 d5 20.a5 Qd6 21.a6 Rc7 22.Nf3 d4 23.Bd2 Ne4 
24.Ba5 Re7 25.Nd2 Qxf4 26.Qf3 Bh6 27.Re2 d3 28.Qxd3 Nxd2 29.Qxd2 Qxd2 30.Bxd2 
Rxe2 31.Bxh6 Rd8 32.b3 Be4 33.g3 Rg2+ 34.Kf1 Rxh2 35.Be3 Rd3 36.Bxc5 Rh1+ 
37.Bg1 Rxg3 38.Kf2 Rg2+ 39.Ke3 f5 40.Rd1 Rhxg1 41.Rd7 Re1+ 42.Kf4 Rg4+ 43.Ke5 
Bc6+ 44.Kd6 Bxd7 45.Kxd7 h5 46.c5 h4 47.c6 Rd1+ 48.Kc7 h3 49.Kb8 Rd8+ 50.Kb7 
Rb4 51.c7 Rxb5+ 52.Kc6 Rc8 53.Kxb5 Rxc7 0-1

[Event "Turniej Niepodleglosci 2023"]
[Site "Warsaw POL"]
[Date "2023.11.11"]
[Round "2.12"]
[White "Kovalevsky, Stanislav"]
[Black "Kokoszczynski, Jan"]
[Result "0-1"]
[WhiteElo "2023"]
[BlackElo "2257"]
[PlyCount "115"]

1.e4 e5 2.Nf3 Nc6 3.Bb5 a6 4.Ba4 Nf6 5.O-O Be7 6.Re1 b5 7.Bb3 d6 8.c3 O-O 9.a4 
Bg4 10.h3 Bh5 11.d3 Rb8 12.axb5 axb5 13.Nbd2 Qd7 14.Nf1 Rfe8 15.Ng3 Bg6 16.Bg5 
Bd8 17.Qc2 h6 18.Bxf6 Bxf6 19.Ra6 Nd8 20.Rea1 Ne6 21.Bd5 Rec8 22.Bc6 Qe7 23.b4 
Nd8 24.Bd5 c6 25.Bb3 Ne6 26.Qe2 Kh7 27.Qe3 Rc7 28.Ra8 Rcc8 29.R8a7 Rc7 30.R1a6 
Rxa7 31.Rxa7 Rb7 32.Ra8 Nc7 33.Ra1 Ne6 34.Ra6 Qd7 35.h4 Nf4 36.d4 Nh5 37.Nf5 
exd4 38.N5xd4 Bxd4 39.Nxd4 c5 40.bxc5 dxc5 41.Nf5 Bxf5 42.exf5 Qxf5 43.Qc1 g6 
44.Qd1 Nf4 45.Bc2 Qe5 46.Qf3 Re7 47.Ra1 Ne2+ 48.Kf1 Qxc3 49.Ra2 Qxf3 50.gxf3 
Nd4 51.Be4 b4 52.h5 b3 53.Ra6 f5 54.hxg6+ Kg7 55.Bd5 Rd7 56.Bc4 Rb7 57.Kg2 b2 
58.Bd3 0-1

[Event "Turniej Niepodleglosci 2023"]
[Site "Warsaw POL"]
[Date "2023.11.11"]
[Round "2.13"]
[White "Szustakowski, Antoni"]
[Black "Minald, Andrey"]
[Result "1-0"]
[WhiteElo "2256"]
[BlackElo "2035"]
[PlyCount "47"]

1.d4 Nf6 2.c4 e6 3.Nf3 c5 4.d5 exd5 5.cxd5 d6 6.Nc3 g6 7.Bf4 a6 8.a4 Bg7 9.h3 
O-O 10.e3 b6 11.Nd2 Qc7 12.Nc4 Ne8 13.Ne4 Be5 14.Nxe5 dxe5 15.Bh6 Ng7 16.d6 Qc6 
17.Nf6+ Kh8 18.Bc4 Be6 19.Bxe6 fxe6 20.d7 Qxg2 21.d8=Q Nc6 22.Qc7 Qxh1+ 23.Ke2 
Nd4+ 24.exd4 1-0

[Event "Turniej Niepodleglosci 2023"]
[Site "Warsaw POL"]
[Date "2023.11.11"]
[Round "2.14"]
[White "Kaminski, Jan"]
[Black "Przedmojski, Rafal"]
[Result "0-1"]
[WhiteElo "1884"]
[BlackElo "2240"]
[PlyCount "94"]

1.e4 c5 2.Nf3 e6 3.b3 b6 4.Bb2 Bb7 5.Nc3 d6 6.d4 cxd4 7.Nxd4 a6 8.Bd3 Nf6 9.Qe2 
Nbd7 10.O-O Qc7 11.Kh1 Be7 12.f4 O-O 13.Rae1 Nc5 14.e5 dxe5 15.fxe5 Nfd7 16.Nf3 
Nxd3 17.cxd3 Rac8 18.d4 b5 19.Rc1 Qb8 20.Qd3 Nb6 21.Ne4 Bxe4 22.Qxe4 Nd5 23.Nd2 
Rxc1 24.Bxc1 Qc7 25.Nf3 Rc8 26.Bg5 Bf8 27.Bd2 Qc2 28.Ng5 h6 29.Qf3 Qf5 30.Qxf5 
exf5 31.Nf3 Rc2 32.Ra1 g5 33.Ba5 Ba3 34.Ne1 Re2 35.Nd3 f4 36.Kg1 Ne3 37.Nf2 Bb2 
38.Re1 Rxe1+ 39.Bxe1 Bxd4 40.Bd2 Ng4 41.Be1 Kg7 42.Kf1 Bxf2 43.Bxf2 Nxf2 
44.Kxf2 Kg6 45.Kf3 Kf5 46.g4+ fxg3 47.Kxg3 Kxe5 0-1

[Event "Turniej Niepodleglosci 2023"]
[Site "Warsaw POL"]
[Date "2023.11.11"]
[Round "2.15"]
[White "Pacan-milej, Kosma"]
[Black "Janeczko, Jakub"]
[Result "1/2-1/2"]
[WhiteElo "2232"]
[BlackElo "2013"]
[PlyCount "49"]

1.d4 Nf6 2.c4 c5 3.d5 b5 4.cxb5 a6 5.bxa6 e6 6.Nc3 exd5 7.Nxd5 Be7 8.Nxe7 Qxe7 
9.e3 O-O 10.Nf3 Rxa6 11.Be2 Rd6 12.Qb3 Nc6 13.O-O Ne4 14.Rd1 Rg6 15.Bd2 d6 
16.Bc3 Bh3 17.g3 h5 18.Qd5 Nxf2 19.Kxf2 Ne5 20.Rh1 Rh6 21.Qe4 Rb8 22.b3 Rb4 
23.Bc4 Qf6 24.g4 g5 25.Kg3 1/2-1/2

[Event "Turniej Niepodleglosci 2023"]
[Site "Warsaw POL"]
[Date "2023.11.11"]
[Round "2.16"]
[White "Borowik, Wojciech"]
[Black "Bartel, Michal"]
[Result "0-1"]
[WhiteElo "1822"]
[BlackElo "2220"]
[PlyCount "77"]

1.d4 Nf6 2.c4 c5 3.d5 e6 4.Nc3 exd5 5.cxd5 d6 6.e4 g6 7.Bd3 Bg7 8.h3 O-O 9.Nf3 
Re8 10.O-O c4 11.Bc2 b5 12.Nxb5 Nxe4 13.Re1 Nf6 14.Bg5 Rxe1+ 15.Qxe1 Ba6 
16.Nfd4 Nbd7 17.Nc6 Qb6 18.Nxd6 Nxd5 19.Ne7+ Nxe7 20.Qxe7 Ne5 21.Be4 Rf8 22.Bd5 
Qxb2 23.Re1 Qd4 24.Rxe5 Qxe5 25.Bxf7+ Kh8 26.Bxc4 Bxc4 27.Qxe5 Bxe5 28.Nxc4 Bd4 
29.Bh4 Rb8 30.Kf1 Rb1+ 31.Ke2 Ra1 32.Kd3 Bg7 33.a3 Kg8 34.Be7 Bf8 35.Bf6 Rg1 
36.g3 Bc5 37.Bd4 Rd1+ 38.Nd2 Bxd4 39.Kxd4 0-1

[Event "Turniej Niepodleglosci 2023"]
[Site "Warsaw POL"]
[Date "2023.11.11"]
[Round "2.17"]
[White "Chomczyk, Marek"]
[Black "Grajczak, Adrian"]
[Result "1-0"]
[WhiteElo "2211"]
[BlackElo "1926"]
[PlyCount "71"]

1.e4 c5 2.Nf3 d6 3.d4 cxd4 4.Nxd4 Nf6 5.Nc3 g6 6.Be3 Bg7 7.f3 O-O 8.Qd2 Nc6 
9.O-O-O d5 10.exd5 Nxd5 11.Nxc6 bxc6 12.Bd4 e5 13.Bc5 Re8 14.Ne4 Qc7 15.h4 h6 
16.h5 g5 17.g4 Be6 18.Bc4 Red8 19.Bb3 a5 20.a4 Nf4 21.Qe3 Rxd1+ 22.Rxd1 Bd5 
23.Kb1 Qb8 24.Ng3 Qc8 25.Nf5 Qe6 26.Re1 Ng2 27.Nxg7 Kxg7 28.Qxe5+ Qxe5 29.Rxe5 
Bxf3 30.Rf5 Bd5 31.Rxd5 cxd5 32.Bxd5 Rc8 33.Bd4+ f6 34.Bxg2 Rc4 35.c3 Rxa4 
36.b3 1-0

[Event "Turniej Niepodleglosci 2023"]
[Site "Warsaw POL"]
[Date "2023.11.11"]
[Round "2.18"]
[White "Plicner, Adam"]
[Black "Zochowski, Kacper"]
[Result "0-1"]
[WhiteElo "1771"]
[BlackElo "2183"]
[PlyCount "82"]

1.e4 d6 2.d4 Nf6 3.Nc3 e5 4.dxe5 dxe5 5.Qxd8+ Kxd8 6.Nf3 Bd6 7.Bg5 Be6 8.Bxf6+ 
gxf6 9.O-O-O a6 10.Nd5 Nd7 11.Nh4 Kc8 12.Be2 Bc5 13.Rhf1 c6 14.Nc3 Bd4 15.Rd3 
Nc5 16.Rf3 Bxc3 17.Rxc3 Nxe4 18.Re3 Nd6 19.f4 e4 20.f5 Bd5 21.Rd1 Kc7 22.b3 b5 
23.Kb2 b4 24.Rd4 a5 25.a4 Rae8 26.g4 Re5 27.Ng2 h5 28.h3 hxg4 29.hxg4 Rh2 
30.Nf4 Rf2 31.Nh5 Ne8 32.c4 bxc3+ 33.Kxc3 Kd6 34.Ng3 Rf4 35.Nh5 Rf2 36.Ng3 Rf4 
37.b4 axb4+ 38.Kxb4 c5+ 39.Ka5 cxd4 40.Ra3 Bc4+ 41.Kb6 Bxe2 0-1

[Event "Turniej Niepodleglosci 2023"]
[Site "Warsaw POL"]
[Date "2023.11.11"]
[Round "2.19"]
[White "Fudala, Dominik"]
[Black "Mulawa, Cyprian"]
[Result "0-1"]
[WhiteElo "1755"]
[BlackElo "2170"]
[PlyCount "60"]

1.e4 Nc6 2.d4 d5 3.e5 Bf5 4.c3 f6 5.exf6 exf6 6.Bd3 Qd7 7.Bf4 O-O-O 8.Ne2 h5 
9.h4 Be7 10.Qc2 Bxd3 11.Qxd3 g5 12.Bg3 f5 13.hxg5 Bxg5 14.Nd2 Nf6 15.Nf3 Bh6 
16.Ne5 Nxe5 17.Bxe5 Bg7 18.Bxf6 Bxf6 19.O-O-O h4 20.g3 h3 21.Nf4 Bg5 22.Kb1 
Bxf4 23.gxf4 h2 24.f3 Rdg8 25.Qe2 Qh7 26.Qe6+ Kb8 27.Qxd5 Rg2 28.Qe5 Rhg8 
29.Qe3 Qg6 30.Rhe1 Rg1 0-1

[Event "Turniej Niepodleglosci 2023"]
[Site "Warsaw POL"]
[Date "2023.11.11"]
[Round "2.20"]
[White "Mickiewicz, Piotr"]
[Black "Klim, Filip"]
[Result "1-0"]
[WhiteElo "2153"]
[BlackElo "1898"]
[PlyCount "75"]

1.Nf3 Nf6 2.g3 d5 3.c4 e6 4.Bg2 Be7 5.O-O O-O 6.d3 c5 7.Nc3 Nc6 8.Bf4 a6 9.a3 
d4 10.Na4 b5 11.cxb5 axb5 12.Nxc5 Bxc5 13.Qc2 Qb6 14.Rac1 Nd7 15.b4 Rxa3 
16.bxc5 Qa5 17.Bd6 Rd8 18.Qd2 b4 19.Qg5 f6 20.Qh4 e5 21.Nd2 Qa6 22.Bd5+ Kh8 
23.Be4 h6 24.Qh5 Nf8 25.Nc4 Ra2 26.Bxf8 Rxf8 27.Qg6 f5 28.Bxc6 Bd7 29.Nxe5 Rf6 
30.Bxd7 Rxg6 31.Nxg6+ Qxg6 32.c6 Ra8 33.c7 Qb6 34.c8=Q+ Rxc8 35.Rxc8+ Kh7 
36.Bxf5+ g6 37.Rfc1 gxf5 38.R1c7+ 1-0

[Event "Turniej Niepodleglosci 2023"]
[Site "Warsaw POL"]
[Date "2023.11.11"]
[Round "3.1"]
[White "Piorun, Kacper"]
[Black "Kokoszczynski, Jan"]
[Result "1-0"]
[WhiteElo "2502"]
[BlackElo "2257"]
[PlyCount "59"]

1.d4 d5 2.Nf3 c6 3.e3 Nf6 4.c4 e6 5.b3 Nbd7 6.Bd3 b6 7.Bb2 Bb7 8.O-O Bd6 9.Nbd2 
O-O 10.Ne5 Rc8 11.f4 c5 12.cxd5 Nxd5 13.Ndc4 Be7 14.Nxd7 Qxd7 15.f5 Bg5 16.Qh5 
Bh6 17.f6 Nxf6 18.Rxf6 Qd5 19.Qg4 Qg5 20.Qxg5 Bxg5 21.Rff1 Bd5 22.Rfe1 Rfd8 
23.dxc5 Rxc5 24.Rad1 Bxc4 25.bxc4 Ra5 26.a3 Kf8 27.Kf2 g6 28.Bc3 Ra4 29.Bb4+ 
Be7 30.Bc2 1-0

[Event "Turniej Niepodleglosci 2023"]
[Site "Warsaw POL"]
[Date "2023.11.11"]
[Round "3.2"]
[White "Przedmojski, Rafal"]
[Black "Heberla, Bartlomiej"]
[Result "1-0"]
[WhiteElo "2240"]
[BlackElo "2481"]
[PlyCount "111"]

1.d4 Nf6 2.c4 c5 3.d5 g6 4.Nc3 Bg7 5.g3 O-O 6.Bg2 d6 7.Nf3 e6 8.O-O exd5 9.cxd5 
Nbd7 10.Bf4 Qe7 11.Qc2 Ng4 12.h3 Nge5 13.Nd2 g5 14.Bxe5 Nxe5 15.e3 g4 16.h4 Bd7 
17.a4 c4 18.Nb5 Rfc8 19.Be4 h5 20.Nd4 Rc5 21.b4 Rc7 22.a5 a6 23.Ra3 Qf6 24.Rc3 
Rac8 25.Rc1 Bb5 26.Bf5 Re8 27.Nb1 Nf3+ 28.Nxf3 gxf3 29.e4 Bd7 30.Rxf3 Bxf5 
31.Rxf5 Qd4 32.Nc3 Qd3 33.Rxh5 Bd4 34.Rg5+ Kf8 35.Kg2 Re5 36.Rxe5 Bxe5 37.Ne2 
Kg7 38.Ng1 Qb3 39.Nf3 Qxb4 40.Nxe5 dxe5 41.Qe2 c3 42.Qg4+ Kf8 43.Qf5 Qd6 44.Rc2 
Rc4 45.g4 Qg6 46.f3 Qd6 47.g5 Kg7 48.h5 Kf8 49.h6 Kg8 50.Kg3 Rc7 51.Kg4 Qc5 
52.Qxe5 Qg1+ 53.Qg3 Qc5 54.Qe5 Qg1+ 55.Kf5 Qd1 56.Qg7# 1-0

[Event "Turniej Niepodleglosci 2023"]
[Site "Warsaw POL"]
[Date "2023.11.11"]
[Round "3.3"]
[White "Golubka, Petro"]
[Black "Szustakowski, Antoni"]
[Result "1/2-1/2"]
[WhiteElo "2390"]
[BlackElo "2256"]
[PlyCount "139"]

1.e4 e6 2.d4 d5 3.e5 c5 4.c3 Nc6 5.Nf3 Bd7 6.Bd3 Rc8 7.O-O cxd4 8.Re1 Nge7 9.h4 
Qb6 10.Nbd2 Ng6 11.Nb3 dxc3 12.bxc3 Qc7 13.Qe2 f6 14.exf6 gxf6 15.c4 dxc4 
16.Bxc4 Nce5 17.Nxe5 Qxe5 18.Qd1 Qd6 19.Bxe6 Bxe6 20.Qxd6 Bxd6 21.Rxe6+ Kd7 
22.Re4 Rhe8 23.Rxe8 Rxe8 24.Be3 b6 25.h5 Ne5 26.Rd1 Nc6 27.Bf4 Re6 28.Kf1 Ke7 
29.Be3 Be5 30.g4 Rd6 31.Re1 Kf7 32.f4 Bc3 33.Rc1 Bb4 34.Ke2 Ke7 35.Rc4 Kd7 
36.h6 Ba3 37.g5 fxg5 38.fxg5 Re6 39.Rf4 Be7 40.Rf5 Re5 41.Rxe5 Nxe5 42.Nd4 Nf7 
43.Nf3 Ke6 44.g6 hxg6 45.h7 Bf6 46.Nd4+ Ke7 47.Nc6+ Kf8 48.Nxa7 Kg7 49.Bxb6 
Kxh7 50.a4 Bc3 51.Nb5 Bb4 52.Kd3 Ne5+ 53.Ke4 Nc4 54.Bd4 g5 55.Kd5 Na5 56.Nc7 
Kg6 57.Ke6 g4 58.Nd5 Bd2 59.Bf2 Nc4 60.Bh4 Nb2 61.Nb6 Nxa4 62.Nxa4 Bf4 63.Nc3 
g3 64.Ne2 Kh5 65.Bf6 Kg4 66.Kd5 g2 67.Ke4 Bh2 68.Bd4 g1=Q 69.Bxg1 Bxg1 70.Nxg1 1/2-1/2

[Event "Turniej Niepodleglosci 2023"]
[Site "Warsaw POL"]
[Date "2023.11.11"]
[Round "3.4"]
[White "Bartel, Michal"]
[Black "Gdanski, Jacek"]
[Result "1-0"]
[WhiteElo "2220"]
[BlackElo "2356"]
[PlyCount "61"]

1.e4 e6 2.f4 d5 3.e5 c5 4.Nf3 Nc6 5.c3 Nge7 6.Bd3 Nf5 7.O-O Be7 8.Bc2 d4 9.Be4 
Qc7 10.g4 Nh4 11.Nxh4 Bxh4 12.g5 h6 13.Qh5 Bd7 14.Qxh4 O-O-O 15.g6 fxg6 16.Bxg6 
Be8 17.Qg4 Bxg6 18.Qxe6+ Qd7 19.Qxg6 Ne7 20.Qg2 Nf5 21.d3 Nh4 22.Qg3 g5 23.Na3 
Nf5 24.Qf3 g4 25.Qe4 g3 26.e6 gxh2+ 27.Kxh2 Qh7 28.Bd2 Rhg8 29.Rg1 h5 30.e7 
Qxe7 31.Qxf5+ 1-0

[Event "Turniej Niepodleglosci 2023"]
[Site "Warsaw POL"]
[Date "2023.11.11"]
[Round "3.5"]
[White "Baum, Jonasz"]
[Black "Chomczyk, Marek"]
[Result "1-0"]
[WhiteElo "2323"]
[BlackElo "2211"]
[PlyCount "87"]

1.e4 e5 2.Nf3 Nf6 3.Nxe5 Nxe4 4.Qe2 Qe7 5.Qxe4 d6 6.d4 dxe5 7.dxe5 Nc6 8.Nc3 
Qxe5 9.Qxe5+ Nxe5 10.Nb5 Bb4+ 11.c3 Ba5 12.Bf4 f6 13.a4 a6 14.Na3 c6 15.Nc4 Bc7 
16.Nxe5 Bxe5 17.Bxe5 fxe5 18.a5 Rf8 19.Ke2 Bf5 20.Ke3 O-O-O 21.Be2 Kc7 22.f3 
Rd6 23.Rhd1 Rfd8 24.Rxd6 Rxd6 25.h4 h6 26.Bc4 Rd7 27.g4 Bg6 28.Rg1 Bf7 29.Bd3 
Bd5 30.Be4 Rf7 31.h5 Bxe4 32.fxe4 Rf4 33.b4 Kd6 34.g5 Ke6 35.gxh6 gxh6 36.Rg6+ 
Rf6 37.Rg8 Rf7 38.Rh8 Rf6 39.Rh7 Rf7 40.Rxh6+ Ke7 41.Rh8 Kd7 42.h6 Kc7 43.Rg8 
Rf6 44.h7 1-0

[Event "Turniej Niepodleglosci 2023"]
[Site "Warsaw POL"]
[Date "2023.11.11"]
[Round "3.6"]
[White "Zochowski, Kacper"]
[Black "Mis, Mieszko"]
[Result "1-0"]
[WhiteElo "2183"]
[BlackElo "2321"]
[PlyCount "126"]

1.Nf3 d6 2.g3 e5 3.d4 e4 4.Ng5 f5 5.Bg2 Be7 6.Nh3 Nf6 7.c4 O-O 8.O-O Be6 9.b3 
h6 10.Nc3 Bf7 11.Bb2 Nc6 12.d5 Ne5 13.f3 exf3 14.exf3 Qd7 15.Qd2 Rae8 16.Rae1 
Bd8 17.Nb5 Bxd5 18.Nxa7 Bf7 19.Nb5 Nxc4 20.bxc4 Bxc4 21.Nd4 Bxf1 22.Bxf1 c5 
23.Nb3 Qa4 24.Rxe8 Rxe8 25.Qxd6 Qxa2 26.Bxf6 Bxf6 27.Qd7 Rd8 28.Qe6+ Kh8 29.Nf4 
Qc2 30.Nh5 Bb2 31.Nf4 Qb1 32.Qf7 Bf6 33.Ng6+ Kh7 34.Nf4 b5 35.Nxc5 Bd4+ 36.Kg2 
Bxc5 37.Bd3 Qb2+ 38.Kh3 Rxd3 39.Qxf5+ Kh8 40.Nxd3 Qc2 41.Qc8+ Kh7 42.Nxc5 b4 
43.Qc6 Qf5+ 44.g4 Qf8 45.Qe4+ Kh8 46.Ne6 Qd6 47.Qa8+ Kh7 48.Qe4+ Kg8 49.Nf4 Kh8 
50.Ng6+ Kg8 51.Ne7+ Kf7 52.Nf5 Qc5 53.Qb7+ Ke6 54.Qxg7 Qf2 55.Qxh6+ Kd5 56.Qe3 
Qf1+ 57.Kg3 Kc4 58.Nd6+ Kd5 59.Ne4 Qa1 60.Qc5+ Ke6 61.Qxb4 Qg1+ 62.Kh3 Qf1+ 
63.Kh4 Kd5 1-0

[Event "Turniej Niepodleglosci 2023"]
[Site "Warsaw POL"]
[Date "2023.11.11"]
[Round "3.7"]
[White "Cukrowski, Filip"]
[Black "Mickiewicz, Piotr"]
[Result "1-0"]
[WhiteElo "2298"]
[BlackElo "2153"]
[PlyCount "75"]

1.d4 Nf6 2.c4 e6 3.Nf3 Bb4+ 4.Nbd2 O-O 5.g3 b6 6.Bg2 Bb7 7.O-O d5 8.Ne5 Nbd7 
9.Nd3 Be7 10.cxd5 exd5 11.Nf3 Ne4 12.h4 Bd6 13.Bf4 Re8 14.Rc1 Qe7 15.Nfe5 Bxe5 
16.dxe5 Nec5 17.b4 Ne6 18.Bd2 c5 19.bxc5 bxc5 20.f4 c4 21.Nf2 Nb6 22.f5 Nd4 
23.Ng4 h5 24.Bg5 Qc5 25.Be3 hxg4 26.Bxd4 Qc7 27.e3 Rxe5 28.f6 Rae8 29.Qxg4 g6 
30.Qf4 Qd6 31.Bf3 R5e6 32.Qg5 Rxe3 33.Bxe3 Rxe3 34.Kg2 Rxf3 35.Rxf3 d4 36.Re1 
Qd5 37.Re8+ Kh7 38.Rh8+ 1-0

[Event "Turniej Niepodleglosci 2023"]
[Site "Warsaw POL"]
[Date "2023.11.11"]
[Round "3.8"]
[White "Mulawa, Cyprian"]
[Black "Eggink, Ryszard"]
[Result "0-1"]
[WhiteElo "2170"]
[BlackElo "2283"]
[PlyCount "94"]

1.Nf3 Nf6 2.c4 e6 3.g3 d5 4.d4 dxc4 5.Bg2 Be7 6.O-O O-O 7.Na3 Bxa3 8.bxa3 b5 
9.a4 a6 10.Ba3 Re8 11.Ne5 Nd5 12.e4 Nf6 13.Rb1 Bb7 14.Re1 Nc6 15.axb5 axb5 
16.Rxb5 Nxe5 17.dxe5 Qxd1 18.Rxd1 Bxe4 19.exf6 Bxg2 20.Kxg2 Rxa3 21.fxg7 Re7 
22.Rg5 Ra8 23.Rg4 f5 24.Rxc4 Rxa2 25.Rd8+ Kxg7 26.Rc8 Ra7 27.Kf3 Kf6 28.Rc5 Rd7 
29.g4 fxg4+ 30.Kxg4 Ke7 31.f4 Kd6 32.Re5 Ra3 33.h4 Rg7+ 34.Kh5 Rf3 35.Rf8 Rxf4 
36.Rxe6+ Kxe6 37.Rxf4 c5 38.Kh6 Rc7 39.Rc4 Kd5 40.Rc1 c4 41.h5 Kd4 42.Ra1 c3 
43.Rd1+ Ke3 44.Ra1 c2 45.Rh1 Kd2 46.Rh2+ Kc3 47.Rh1 Kb2 0-1

[Event "Turniej Niepodleglosci 2023"]
[Site "Warsaw POL"]
[Date "2023.11.11"]
[Round "3.9"]
[White "Nguyen, Piotr"]
[Black "Krawczyk, Flawian"]
[Result "0-1"]
[WhiteElo "2275"]
[BlackElo "2116"]
[PlyCount "67"]

1.c4 e5 2.g3 Nf6 3.Bg2 d5 4.cxd5 Nxd5 5.Nf3 Nc6 6.O-O Be7 7.Nc3 Nb6 8.a3 O-O 
9.d3 Re8 10.b4 Bf8 11.Bg5 f6 12.Bd2 Nd4 13.Nxd4 exd4 14.Ne4 c6 15.b5 cxb5 
16.Qb3+ Be6 17.Qxb5 Qd7 18.Rfb1 Qxb5 19.Rxb5 Bd7 20.Rb2 Bc6 21.Bb4 f5 22.Nd6 
Bxd6 23.Bxd6 Na4 24.Bxc6 bxc6 25.Rb7 Nc3 26.f4 Rxe2 27.Be5 Re8 28.Rxg7+ Kf8 
29.Rxa7 Nb5 30.Rxh7 Re3 31.a4 Nc3 32.a5 Rxd3 33.a6 Nb5 34.a7 0-1

[Event "Turniej Niepodleglosci 2023"]
[Site "Warsaw POL"]
[Date "2023.11.11"]
[Round "3.10"]
[White "Smieszek, Wojciech"]
[Black "Jakubowski, Krzysztof"]
[Result "0-1"]
[WhiteElo "2089"]
[BlackElo "2367"]
[PlyCount "84"]

1.e4 c5 2.Nf3 e6 3.d4 cxd4 4.Nxd4 a6 5.Bd3 Bc5 6.Nb3 Ba7 7.Nc3 Ne7 8.Qe2 Nbc6 
9.Be3 b5 10.O-O Qc7 11.Rad1 b4 12.Nd5 exd5 13.exd5 Bxe3 14.Qxe3 Nd8 15.d6 Qxd6 
16.Be4 Qb8 17.Bxa8 Qxa8 18.Qc5 Qb8 19.Nd4 Ne6 20.Nxe6 fxe6 21.Rd4 Nc6 22.Rg4 g6 
23.Rd1 Qb5 24.Qd6 Qe2 25.Rf4 a5 26.h3 Qe5 27.Qd2 Qxb2 28.Re1 Qc3 29.Qd1 Qc5 
30.Re3 Ne7 31.Qa1 Rg8 32.Qf6 g5 33.Re5 Qc3 34.Rf3 Qa1+ 35.Kh2 Kd8 36.c3 bxc3 
37.Rxa5 Qe1 38.Rc5 Re8 39.Rfxc3 Bb7 40.Qxg5 Rg8 41.Rc8+ Bxc8 42.Qf6 Bb7 0-1

[Event "Turniej Niepodleglosci 2023"]
[Site "Warsaw POL"]
[Date "2023.11.11"]
[Round "3.11"]
[White "Kuzmicz, Krystian"]
[Black "Rozycki, Bartlomiej"]
[Result "1/2-1/2"]
[WhiteElo "2359"]
[BlackElo "2059"]
[PlyCount "75"]

1.e4 c6 2.d4 d5 3.f3 e6 4.Be3 dxe4 5.Nd2 exf3 6.Ngxf3 Nf6 7.Bd3 Nbd7 8.Qe2 Nd5 
9.O-O-O Nxe3 10.Qxe3 Qc7 11.Rhf1 Nf6 12.Ne5 Bd7 13.g4 h6 14.h4 Bd6 15.Nxf7 Kxf7 
16.g5 hxg5 17.hxg5 Raf8 18.gxf6 gxf6 19.Ne4 Ke7 20.Nxf6 Kd8 21.Bc4 Rh1 22.Qe4 
Rxf1 23.Rxf1 Be7 24.Ng4 Rxf1+ 25.Bxf1 Qg3 26.Ne5 Bg5+ 27.Kd1 Qf2 28.Qd3 Be8 
29.Nf3 Bh5 30.Be2 Bxf3 31.Qxf3 Qxd4+ 32.Qd3 c5 33.Qxd4+ cxd4 34.a4 Kc7 35.Bf3 
b6 36.Ke2 Kd6 37.Kd3 e5 38.Ke4 1/2-1/2

[Event "Turniej Niepodleglosci 2023"]
[Site "Warsaw POL"]
[Date "2023.11.11"]
[Round "3.12"]
[White "Janeczko, Jakub"]
[Black "Nurkiewicz, Maciej"]
[Result "1-0"]
[WhiteElo "2013"]
[BlackElo "2264"]
[PlyCount "103"]

1.e4 e5 2.Nf3 Nc6 3.Nc3 Nf6 4.a3 d5 5.Bb5 d4 6.Ne2 Bd7 7.d3 Bd6 8.O-O Qe7 9.Ng3 
g6 10.c3 dxc3 11.bxc3 O-O-O 12.Re1 Bc5 13.h3 a6 14.Bc4 Na5 15.Ba2 Bb5 16.d4 
exd4 17.cxd4 Bb6 18.e5 Nd5 19.Bg5 Qd7 20.Ne4 Rdf8 21.Rc1 Kb8 22.Qd2 Bc6 23.Red1 
Ba4 24.Re1 Nb3 25.Qb2 Nxc1 26.Rxc1 Bc6 27.Nfd2 h6 28.Bh4 g5 29.Bg3 Nf4 30.Bxf4 
gxf4 31.Nc5 Bxc5 32.Rxc5 Ka7 33.d5 Bb5 34.Ne4 b6 35.Nf6 Qe7 36.Rc1 Rc8 37.Qd4 
f3 38.a4 Be2 39.a5 Rhd8 40.Rc6 Bb5 41.axb6+ Kb7 42.bxc7 Rxc7 43.Qb6+ Kc8 
44.Rxc7+ Qxc7 45.Qxc7+ Kxc7 46.d6+ Kc6 47.Bxf7 fxg2 48.Kxg2 Rf8 49.d7 Kc7 50.e6 
Rd8 51.e7 Bxd7 52.exd8=Q+ 1-0

[Event "Turniej Niepodleglosci 2023"]
[Site "Warsaw POL"]
[Date "2023.11.11"]
[Round "3.13"]
[White "Chiszko, Oskar"]
[Black "Pacan-milej, Kosma"]
[Result "0-1"]
[WhiteElo "1911"]
[BlackElo "2232"]
[PlyCount "103"]

1.d4 Nf6 2.c4 g6 3.Nc3 Bg7 4.e4 d6 5.h3 O-O 6.Be3 Nbd7 7.g4 c5 8.Nge2 b6 9.Bg2 
cxd4 10.Bxd4 Bb7 11.O-O Rb8 12.b3 Nc5 13.Qc2 a6 14.Rad1 Qc7 15.a4 Rfd8 16.f4 b5 
17.axb5 axb5 18.Nxb5 Qa5 19.e5 Bxg2 20.Kxg2 Nfe4 21.exd6 Bxd4 22.Rxd4 Nxd6 
23.Nbc3 Nxb3 24.Rd5 Qa8 25.Kh2 e6 26.Rdd1 Nc5 27.f5 exf5 28.Nd5 Nde4 29.gxf5 
Qa6 30.fxg6 hxg6 31.Rf4 f5 32.Rg1 Kf7 33.Ng3 Qa3 34.Rg2 Nxg3 35.Rxg3 Rb2 
36.Rxa3 Rxc2+ 37.Kg3 Ne4+ 38.Kf3 Rxc4 39.Ra7+ Kf8 40.Ne3 Rc3 41.Rh4 Kg8 42.Rh6 
Rdd3 43.Rxg6+ Kf8 44.Kf4 Rxe3 45.Kxf5 Ng3+ 46.Kf6 Rc6+ 47.Kg5 Re5+ 48.Kf4 Rf5+ 
49.Kxg3 Rd6 50.Re6 Rxe6 51.Kh4 Rg6 52.Ra8+ 0-1

[Event "Turniej Niepodleglosci 2023"]
[Site "Warsaw POL"]
[Date "2023.11.11"]
[Round "3.14"]
[White "Kubicka, Anna"]
[Black "Fistek, Dariusz"]
[Result "1-0"]
[WhiteElo "2122"]
[BlackElo "2043"]
[PlyCount "93"]

1.e4 c5 2.Ne2 Nc6 3.g3 g6 4.Bg2 Bg7 5.O-O e6 6.c3 Nge7 7.d4 cxd4 8.cxd4 d5 9.e5 
O-O 10.Nbc3 a6 11.Bg5 h6 12.Bf4 Nf5 13.Qd2 g5 14.Be3 f6 15.f4 fxe5 16.fxe5 Bd7 
17.Bf2 b5 18.g4 Nh4 19.Bxh4 gxh4 20.Rxf8+ Bxf8 21.Rf1 Qg5 22.Nf4 Be7 23.Nce2 
Rf8 24.Kh1 b4 25.Qc1 Rc8 26.Qb1 Rf8 27.Qd1 Na5 28.b3 Bb5 29.Nxe6 Rxf1+ 30.Qxf1 
Qxg4 31.N6f4 Bxe2 32.Bxd5+ Kh8 33.Nxe2 h3 34.Qf3 Qh4 35.Qf7 Qg5 36.Be4 Qg7 
37.Qe8+ Qf8 38.Qxf8+ Bxf8 39.Nf4 Kg8 40.Ng6 Bg7 41.Bd5+ Kh7 42.Nf4 Bf8 43.Kg1 
Be7 44.Kf2 Bg5 45.Kf3 Kg7 46.Ne6+ Kg6 47.Nxg5 1-0

[Event "Turniej Niepodleglosci 2023"]
[Site "Warsaw POL"]
[Date "2023.11.11"]
[Round "3.15"]
[White "Krasenkow, Michal"]
[Black "Baturo, Tomasz"]
[Result "1-0"]
[WhiteElo "2435"]
[BlackElo "2010"]
[PlyCount "71"]

1.d4 Nf6 2.c4 e6 3.Nc3 d5 4.cxd5 exd5 5.Bg5 Be7 6.e3 O-O 7.Bd3 c6 8.Nge2 Nbd7 
9.O-O Re8 10.Rb1 a5 11.a3 Nf8 12.b4 axb4 13.axb4 Ne4 14.Bxe7 Qxe7 15.Bxe4 dxe4 
16.b5 Bd7 17.bxc6 bxc6 18.Rb7 Qd6 19.Qb3 Rab8 20.Nxe4 Rxb7 21.Qxf7+ Kxf7 
22.Nxd6+ Ke7 23.Nxb7 Ne6 24.Rc1 Rb8 25.Na5 Rb2 26.Nc3 Nc7 27.Kf1 Nb5 28.Nd1 Rb4 
29.Nxc6+ Bxc6 30.Rxc6 Nd6 31.Rc7+ Kf6 32.Nc3 Rb2 33.e4 Nf7 34.Nd5+ Kg6 35.Nf4+ 
Kf6 36.e5+ 1-0

[Event "Turniej Niepodleglosci 2023"]
[Site "Warsaw POL"]
[Date "2023.11.11"]
[Round "3.16"]
[White "Golecki, Jan"]
[Black "Kanarek, Marcel"]
[Result "0-1"]
[WhiteElo "2020"]
[BlackElo "2396"]
[PlyCount "154"]

1.e4 c5 2.Nf3 Nc6 3.Bb5 e6 4.O-O Nge7 5.Re1 a6 6.Bf1 d5 7.exd5 Nxd5 8.d4 Be7 
9.c4 Nf6 10.dxc5 Qxd1 11.Rxd1 Ne4 12.Be3 Bxc5 13.Bd3 Bxe3 14.Bxe4 Bf4 15.Bxc6+ 
bxc6 16.Nc3 Bc7 17.Nd4 Bd7 18.Na4 e5 19.Nb3 Bf5 20.Rd2 Ke7 21.Nac5 Rhd8 22.Rxd8 
Kxd8 23.Rd1+ Ke7 24.f3 a5 25.g4 Bc8 26.Ne4 a4 27.Nbc5 Bb6 28.Kg2 Ra5 29.Nd3 Bd4 
30.h3 f6 31.f4 Be6 32.Rc1 exf4 33.Nxf4 Bf7 34.Rc2 Re5 35.Kf3 g5 36.Nd3 Ra5 
37.b4 axb3 38.axb3 Bg6 39.Re2 Kf8 40.Nb4 Ra3 41.Nxc6 Rxb3+ 42.Kg2 Rb2 43.Nxd4 
Rxe2+ 44.Nxe2 Bxe4+ 45.Kg3 Bd3 46.Nc3 Bxc4 47.h4 Ke7 48.hxg5 fxg5 49.Ne4 h6 
50.Kf2 Ke6 51.Ng3 Bd3 52.Ke3 Bc2 53.Kd4 Kf6 54.Ke3 Bd1 55.Ne4+ Ke5 56.Nf2 Bc2 
57.Nh1 Be4 58.Ng3 Bg6 59.Ne2 Bh7 60.Ng3 Bc2 61.Nh1 Ba4 62.Nf2 Bd7 63.Nd3+ Kd5 
64.Nf2 Bc8 65.Kd3 Ke5 66.Ke3 Be6 67.Nd3+ Kd6 68.Nf2 Kd5 69.Kd3 Bf7 70.Ke3 Bg6 
71.Nh1 Ke5 72.Ng3 Kf6 73.Kd4 Bc2 74.Nf1 Bd1 75.Ne3 Bf3 76.Nf5 Bxg4 77.Nxh6 Be6 0-1

[Event "Turniej Niepodleglosci 2023"]
[Site "Warsaw POL"]
[Date "2023.11.11"]
[Round "3.17"]
[White "Czernek, Tymon"]
[Black "Alvarado, Carlos"]
[Result "1-0"]
[WhiteElo "2180"]
[BlackElo "2016"]
[PlyCount "63"]

1.e4 c6 2.d4 d5 3.f3 g6 4.Nc3 Bg7 5.Be3 b6 6.Qd2 Ba6 7.Bxa6 Nxa6 8.Nge2 Nc7 
9.O-O e6 10.Rad1 Ne7 11.Bh6 O-O 12.Ng3 Kh8 13.Nce2 Bxh6 14.Qxh6 Ng8 15.Qf4 Nb5 
16.c4 dxc4 17.a4 Nc7 18.Nc3 f6 19.h4 Kg7 20.h5 Nh6 21.hxg6 hxg6 22.Kf2 Nf7 
23.Rh1 Qd6 24.e5 fxe5 25.Nh5+ gxh5 26.Qg3+ Ng5 27.Qxg5+ Kf7 28.Ne4 Qb4 29.Qxh5+ 
Ke7 30.Qg5+ Kd7 31.Rh7+ Kc8 32.Qg7 1-0